| 000 | 00646nam a22002057a 4500 | ||
|---|---|---|---|
| 005 | 20250707142313.0 | ||
| 010 | _aENG-145744 | ||
| 020 |
_a9789361590771 _c440.00 |
||
| 035 | _aEN-129276 | ||
| 037 | _bDBAD | ||
| 082 |
_a500 _21 |
||
| 100 |
_aGupta, Prakash _982676 |
||
| 245 |
_aNTA CUET UG 2025: _bMathematics/ _cPrakash Gupta [and] Prashant Jain |
||
| 250 | _a1 | ||
| 260 |
_aNoida _bPearson India Education _c2025 |
||
| 270 |
_a15th Floor, Towe-B, World Trade Tower, Plot No.1, Block-C, Sector-16 _bNoida _e201301 |
||
| 300 |
_avpp. _c23cm(pb) |
||
| 700 |
_aJain, Prashant _eAuthor _982677 |
||
| 942 |
_2ddc _cEN _h500 _mGUP |
||
| 999 |
_c212166 _d212166 |
||